[Event "AUTO-ADV-1214"]
[Site "http://www.queenalice.com/game.php?id=538280"]
[Date "2009.2.10"]
[Round "1"]
[White "socioa22"]
[Black "lifelessons"]
[Result "0-1"]
[WhiteElo "1819"]
[BlackElo "1974"]

1. e4 e5 2. Nf3 Nc6 3. Bc4 Nf6 4. Nc3 Nxe4 5. Nxe4 d5 6. Bxd5 Qxd5 7. Nc3 Qa5 8.
O-O Bd6 9. d3 Bg4 10. Bd2 O-O-O 11. Ne4 Qd5 12. Nc3 Bxf3 13. Nxd5 Bxd1 14. Raxd1
h5 15. f4 Bc5+ 16. Be3 Rxd5 17. Bxc5 Rxc5 18. fxe5 Rxe5 19. Rxf7 g5 20. d4 Re7
21. Rf5 g4 22. c3 Nd8 23. Rdf1 Kd7 24. Rd5+ Ke8 25. Rdf5 Rf7 26. Re1+ Kf8 27.
Rfe5 Kg7 28. Rd5 c6 29. Rd6 Rhf8 30. b3 Rf6 31. Rd7+ R6f7 32. Rd6 Rf6 33. Rd7+
Kg6 34. c4 a6 35. d5 c5 36. Rc7 R8f7 37. Rxc5 b6 38. Rc8 Nb7 39. Ra8 a5 40. Rg8+
Rg7 41. Rge8 Rd7 42. Rg8+ Kh7 43. Rg5 Rh6 44. Rge5 Nc5 45. Rd1 h4 46. Rg5 Rg7
47. Rf5 g3 48. h3 Rd7 49. Re5 Rf6 50. Rh5+ Rh6 51. Re5 Rf6 52. Rd4 Rdf7 53.
Rxh4+ Kg8 54. Rg4+ Kf8 55. Re1 Nd3 56. Ra1 Rg7 57. Rd4 Nb4 58. Rd2 Rgf7 59. Rad1
Rf2 60. a3 Nc2 61. a4 Ne3 62. Re1 Rf1+ 63. Rxf1 Rxf1# 0-1

[Event "AUTO-ADV-1214"]
[Site "http://www.queenalice.com/game.php?id=538281"]
[Date "2009.2.10"]
[Round "1"]
[White "lifelessons"]
[Black "socioa22"]
[Result "1-0"]
[WhiteElo "1848"]
[BlackElo "1834"]

1. d4 d5 2. Nf3 c5 3. c3 Bf5 4. Bg5 Nc6 5. e3 Nf6 6. Bxf6 gxf6 7. Bd3 Bg6 8. Qc2
Bh6 9. Nh4 c4 10. Bxg6 fxg6 11. f4 Qd7 12. h3 Qe6 13. Qf2 f5 14. Nd2 Bg7 15.
Nhf3 b5 16. Ng5 Qd6 17. h4 h6 18. Ngf3 Qe6 19. Ne5 Rc8 20. Qg3 Nxe5 21. fxe5 Qf7
22. Ke2 Rc6 23. Qf3 e6 24. Raf1 Rf8 25. g4 Rc7 26. Rf2 Qg8 27. Rhf1 Rcf7 28. Qg3
Ke7 29. g5 h5 30. Nf3 Kd7 31. Ng1 Bh8 32. Nh3 a6 33. Nf4 Bg7 34. Nxg6 Ra8 35.
Nf4 Bf8 36. Nxh5 Qh7 37. Nf6+ Ke7 38. Nxh7 Rxh7 39. Rh2 Bg7 40. h5 Kd7 41. Rfh1
Bf8 42. h6 1-0

[Event "AUTO-ADV-1214"]
[Site "http://www.queenalice.com/game.php?id=538282"]
[Date "2009.2.10"]
[Round "1"]
[White "socioa22"]
[Black "sadick"]
[Result "1-0"]
[WhiteElo "1788"]
[BlackElo "1747"]

1. d4 d5 2. c4 c6 3. Nc3 Nf6 4. Nf3 e6 5. Bf4 Bd6 6. Bg3 Bxg3 7. fxg3 Nbd7 8. e3
O-O 9. Bd3 Qb6 10. b3 Qb4 11. Qc2 1-0

[Event "AUTO-ADV-1214"]
[Site "http://www.queenalice.com/game.php?id=538283"]
[Date "2009.2.10"]
[Round "1"]
[White "sadick"]
[Black "socioa22"]
[Result "0-1"]
[WhiteElo "1733"]
[BlackElo "1802"]

1. d4 d5 2. c4 e6 3. cxd5 exd5 4. Nc3 c5 5. e3 Nc6 6. Bb5 Bd6 7. Nf3 Nf6 8. h3
O-O 9. O-O Bf5 10. Bd3 Bg6 0-1

[Event "AUTO-ADV-1394"]
[Site "http://www.queenalice.com/game.php?id=616318"]
[Date "2009.7.10"]
[Round "1"]
[White "andre2006"]
[Black "socioa22"]
[Result "0-1"]
[WhiteElo "1743"]
[BlackElo "1832"]

1. d4 d5 2. e3 c5 3. Nf3 Nf6 4. Nc3 Bf5 5. Bb5+ Nc6 6. Ne5 a6 7. Bxc6+ bxc6 8.
dxc5 Qc7 9. O-O e6 10. a3 Qxe5 11. Re1 Ng4 12. f4 Qf6 13. e4 Qh6 14. h3 Bxc5+
15. Kf1 Nh2+ 16. Ke2 Bxe4 17. Nxe4 dxe4 18. f5 Qh5+ 19. g4 Qxh3 20. fxe6 Qg2#
0-1

[Event "AUTO-ADV-1394"]
[Site "http://www.queenalice.com/game.php?id=616319"]
[Date "2009.7.10"]
[Round "1"]
[White "socioa22"]
[Black "andre2006"]
[Result "1-0"]
[WhiteElo "1806"]
[BlackElo "1816"]

1. d4 Nf6 2. Nf3 d5 3. c4 Bf5 4. Nc3 Nbd7 5. Bf4 e6 6. e3 Ne4 7. Be2 Bb4 8. O-O
Nxc3 9. bxc3 Bxc3 10. Rc1 Bb2 11. Rb1 Bxb1 12. Qxb1 Ba3 13. Qxb7 Bd6 14. Bxd6
cxd6 15. cxd5 O-O 16. dxe6 fxe6 17. Bc4 Nb6 18. Bxe6+ Kh8 19. Rc1 Re8 20. d5 Re7
21. Qa6 Rc7 22. Rd1 Qe7 23. h3 Rc5 24. e4 Nc4 25. Nd4 Qc7 26. Nb3 Nb2 27. Rd2
Nc4 28. Rc2 Qb6 29. Qa4 Rb5 30. Qxc4 a5 31. Nd2 Rc5 32. Qd3 Rf8 33. Rxc5 Qxc5
34. Nb3 Qxf2+ 35. Kh2 Qxa2 36. Qb5 a4 37. Nd4 a3 38. Qd7 Qf2 39. Nf5 Qf4+ 40.
Kg1 Qc1+ 41. Kh2 Qf4+ 42. Ng3 a2 43. Qa4 Qe5 44. Qxa2 h5 45. Qe2 g6 46. Qe3 Kg7
47. Kh1 h4 48. Ne2 Rf1+ 49. Ng1 g5 50. Qe2 Qa1 51. Qe3 Kh6 52. Qb6 Qe5 53. Bf5
Ra1 54. Qd8 Ra7 55. Qf8+ Kh5 56. Qb8 Re7 57. Nf3 Qa1+ 58. Kh2 Qf6 59. Qd8 Kh6
60. Qa8 Rg7 61. Qh8+ 1-0

[Event "AUTO-ADV-1394"]
[Site "http://www.queenalice.com/game.php?id=616330"]
[Date "2009.7.10"]
[Round "1"]
[White "Savage_king"]
[Black "socioa22"]
[Result "1-0"]
[WhiteElo "2002"]
[BlackElo "1847"]

1. e4 e5 2. Nf3 Nf6 3. Nxe5 Qe7 4. Nf3 Nxe4 5. Qe2 d5 6. d3 Nf6 7. Bg5 Bg4 8.
Bxf6 Bxf3 9. Bxe7 Bxe2 10. Ba3 Bxa3 11. Nxa3 Bxf1 12. Rxf1 Nd7 13. Nb5 O-O 14.
O-O-O c6 15. Nd4 Nf6 16. Rde1 Ng4 17. h3 Nf6 18. Re3 Rfe8 19. Rfe1 Kf8 20. Nf5
Rxe3 21. Rxe3 Rd8 22. g4 g6 23. Ng3 h5 24. g5 Ng8 25. h4 Re8 26. Kd2 Rxe3 27.
Kxe3 Ke7 28. a4 Ke6 29. b4 Ne7 30. c4 Ke5 31. d4+ Ke6 32. c5 Nc8 33. f4 b6 34.
f5+ Ke7 35. Kf4 a6 36. Ke5 b5 37. f6+ Kd7 38. a5 Ke8 39. Nxh5 gxh5 40. Kf5 Kf8
41. g6 Na7 42. Kg5 fxg6 43. Kxg6 Nc8 44. Kxh5 Ne7 45. fxe7+ Kxe7 46. Kg6 Kf8 47.
Kf6 Kg8 48. Ke7 Kh7 49. Kd6 Kh6 50. Kxc6 Kh5 51. Kxd5 1-0

[Event "AUTO-ADV-1394"]
[Site "http://www.queenalice.com/game.php?id=616331"]
[Date "2009.7.10"]
[Round "1"]
[White "socioa22"]
[Black "Savage_king"]
[Result "1-0"]
[WhiteElo "1809"]
[BlackElo "1975"]

1. e4 Nf6 2. Nc3 d5 3. d3 dxe4 4. dxe4 Qxd1+ 5. Kxd1 c6 6. Bc4 e6 7. Nf3 Bb4 8.
e5 Bxc3 9. bxc3 Nd5 10. Kd2 a5 11. Ba3 b5 12. Bd3 b4 13. cxb4 axb4 14. Bb2 O-O
15. a3 bxa3 16. Bxa3 Rd8 17. Bd6 Rxa1 18. Rxa1 Nd7 19. Ng5 g6 20. c4 N5b6 21.
Rb1 Re8 22. Be4 Nxc4+ 23. Kc3 Nxd6 24. exd6 f6 25. Nf3 Ne5 26. Nxe5 fxe5 27.
Bxc6 Rf8 28. Rb8 Ba6 29. Rxf8+ Kxf8 30. Kb4 g5 31. Kc5 h5 32. Kb6 1-0

[Event "AUTO-ADV-1394"]
[Site "http://www.queenalice.com/game.php?id=616338"]
[Date "2009.7.10"]
[Round "1"]
[White "socioa22"]
[Black "Wino"]
[Result "0-1"]
[WhiteElo "1837"]
[BlackElo "1871"]

1. e4 d6 2. d4 Nf6 3. Nc3 g6 4. Nf3 Bg7 5. Be3 O-O 6. Qd2 d5 7. e5 Ne4 8. Qd3
Nc6 9. Nd2 Nb4 10. Qb5 Nxc2+ 11. Kd1 Nxe3+ 12. fxe3 Nf2+ 13. Ke1 Nxh1 14. Rc1 c6
15. Qd3 Be6 16. Be2 f6 17. Nf3 fxe5 18. dxe5 Bf5 19. Qd1 Bh6 20. Qd2 e6 21. Kf1
d4 22. Nxd4 c5 23. Nf3 Qxd2 24. Nxd2 Bxe3 25. Ke1 Nf2 26. Ra1 Nd3+ 27. Kd1 Rad8
28. Nb5 Nxb2+ 29. Kc1 Rxd2 30. Bf3 Rxg2# 0-1

[Event "AUTO-ADV-1394"]
[Site "http://www.queenalice.com/game.php?id=616339"]
[Date "2009.7.10"]
[Round "1"]
[White "Wino"]
[Black "socioa22"]
[Result "1/2-1/2"]
[WhiteElo "1911"]
[BlackElo "1844"]

1. Nf3 Nf6 2. g3 d5 3. Bg2 Bf5 4. O-O e6 5. d3 Bd6 6. Nbd2 Nbd7 7. Qe1 O-O 8. e4
Bg6 9. e5 Bc5 10. exf6 Nxf6 11. Nb3 Bb6 12. a4 a5 13. Ne5 Bf5 14. Be3 c6 15.
Bxb6 Qxb6 16. Qe2 Qb4 17. Qd2 Qd6 1/2-1/2

[Event "AUTO-ADV-1467"]
[Site "http://www.queenalice.com/game.php?id=649277"]
[Date "2009.9.8"]
[Round "1"]
[White "vila1"]
[Black "socioa22"]
[Result "1-0"]
[WhiteElo "1919"]
[BlackElo "1822"]

1. c4 e6 2. g3 Nf6 3. Bg2 Bc5 4. e3 d5 5. cxd5 exd5 6. d4 Bb6 7. Nc3 c6 8. Nf3
O-O 9. O-O Re8 10. Re1 Bf5 11. Nh4 Bg6 12. Nxg6 hxg6 13. Na4 Ba5 14. Bd2 Nbd7
15. b4 Bc7 16. Nc5 Rb8 17. Rc1 Nf8 18. Qc2 N8h7 19. Bc3 Ng5 20. h4 Nge4 21. Nxe4
Nxe4 22. a3 a5 23. Bxe4 Rxe4 24. f3 Re6 25. Kf2 g5 26. hxg5 Qxg5 27. f4 Qh5 28.
Rh1 Qg6 29. f5 Qxg3+ 30. Kf1 Rxe3 31. Qg2 Rf3+ 32. Kg1 Rxc3 33. Rxc3 Qxc3 34.
Qh3 Qxd4+ 35. Kf1 Qf4+ 36. Kg2 Qg5+ 37. Kf3 Kf8 38. Re1 Qf4+ 39. Kg2 Qg5+ 40.
Kf1 axb4 41. Qh8# 1-0

[Event "AUTO-ADV-1467"]
[Site "http://www.queenalice.com/game.php?id=649278"]
[Date "2009.9.8"]
[Round "1"]
[White "socioa22"]
[Black "vila1"]
[Result "1-0"]
[WhiteElo "1815"]
[BlackElo "1941"]

1. e4 c5 2. Bc4 d6 3. Nf3 e6 4. d3 a6 5. Be3 Nf6 6. Nc3 b5 7. Bb3 Bb7 8. O-O Nc6
9. a4 b4 10. Ne2 a5 11. Bc4 Be7 12. Bb5 O-O 13. c4 bxc3 14. bxc3 d5 15. e5 Ng4
16. d4 Nxe3 17. fxe3 Qc7 18. Nc1 cxd4 19. exd4 Ba6 20. Qb3 Rab8 21. Rb1 Bxb5 22.
axb5 Nd8 23. b6 Qc6 24. Nd3 Nb7 25. Nb2 Rfc8 26. Na4 Qc4 27. Rfc1 Qxb3 28. Rxb3
Rc4 29. Ra1 f6 30. Kf2 Rbc8 31. Ke3 fxe5 32. Nxe5 Nd6 33. b7 Rb8 34. Nc5 Nf5+
35. Kd3 Bxc5 36. dxc5 Ne7 37. Nxc4 dxc4+ 38. Kxc4 Nc6 39. Rb6 Nd8 40. c6 Nxc6
41. Rxc6 Rxb7 42. Rxa5 Kf7 43. Rca6 Rc7+ 44. Kd3 Rd7+ 45. Kc2 g5 46. Ra7 Rxa7
47. Rxa7+ Kg6 48. Ra5 Kf6 49. Kd3 h5 50. Ke4 h4 51. g3 1-0

[Event "AUTO-ADV-1467"]
[Site "http://www.queenalice.com/game.php?id=649289"]
[Date "2009.9.8"]
[Round "1"]
[White "gipmachado"]
[Black "socioa22"]
[Result "1-0"]
[WhiteElo "1919"]
[BlackElo "1822"]

1. e4 e5 2. Nf3 Nf6 3. Nxe5 Qe7 4. d4 d6 5. Nf3 Nxe4 6. Be2 Bg4 7. O-O d5 8. Ne5
Be6 9. Bd3 Qb4 10. c3 Qb6 11. Re1 Bd6 12. Bxe4 dxe4 13. Rxe4 O-O 14. Nd2 Bd5 15.
Re1 Be7 16. Ndf3 Qf6 17. Bg5 Qd6 18. Bxe7 Qxe7 19. Ng6 Bxf3 20. Nxe7+ Kh8 21.
Qxf3 Nd7 22. Qxb7 Nf6 23. Qxc7 1-0

[Event "AUTO-ADV-1467"]
[Site "http://www.queenalice.com/game.php?id=649290"]
[Date "2009.9.8"]
[Round "1"]
[White "socioa22"]
[Black "gipmachado"]
[Result "1/2-1/2"]
[WhiteElo "1810"]
[BlackElo "1937"]

1. e4 e5 2. Nf3 Nc6 3. Bc4 Bc5 4. d3 Nf6 5. Nc3 O-O 6. Bg5 Be7 7. O-O h6 8. Bh4
d6 9. h3 Be6 10. Bb3 Bxb3 11. axb3 Nd7 12. Bxe7 Qxe7 13. Nb5 Nf6 14. Qd2 a6 15.
Nc3 Nh7 16. Nd5 Qd7 17. Nh4 Ne7 18. Qa5 Nxd5 19. Qxd5 c6 20. Qa5 Rae8 21. Nf5
Re6 22. Ra4 d5 23. Rd1 Nf6 24. Rb4 dxe4 25. Rb6 exd3 26. Rxd3 Qc8 27. Qb4 Nd5
28. Rxd5 cxd5 29. Ne7+ Rxe7 30. Qxe7 Re8 31. Qxb7 Qxb7 32. Rxb7 d4 33. Ra7 Rc8
34. c3 dxc3 35. bxc3 Rxc3 36. b4 Rb3 37. Rxa6 Rxb4 38. Ra8+ Kh7 39. Re8 Re4 40.
f3 Ra4 41. Rxe5 Kg6 42. Kf2 f5 43. Kg3 Kf6 44. Rb5 g5 45. Rb6+ Kg7 46. Kh2 Rc4
47. Re6 Ra4 48. g4 fxg4 49. hxg4 Rf4 50. Kg3 Ra4 51. Re2 Rf4 52. Re1 Ra4 53. Rf1
Rf4 54. Rh1 Kg6 55. Rh5 Kg7 56. Kf2 Kg6 57. Ke3 Kg7 58. Rh1 1/2-1/2

[Event "AUTO-ADV-1467"]
[Site "http://www.queenalice.com/game.php?id=649295"]
[Date "2009.9.8"]
[Round "1"]
[White "Calamas"]
[Black "socioa22"]
[Result "1-0"]
[WhiteElo "2188"]
[BlackElo "1810"]

1. e4 e5 2. Nf3 Nf6 3. Bc4 Nc6 4. d3 Bc5 5. a4 O-O 6. c3 a5 7. O-O d6 8. Nbd2
Be6 9. Bxe6 fxe6 10. Nb3 Bb6 11. Qe2 Qe7 12. h3 Nd7 13. d4 exd4 14. cxd4 Qf6 15.
Bd2 Qg6 16. Nh4 Qf6 17. Nf3 Nxd4 18. Nbxd4 Bxd4 19. Bg5 Qg6 20. Nxd4 Qxg5 21.
Nxe6 Qh4 22. Nxf8 Rxf8 23. Qc4+ Kh8 24. Qxc7 Nf6 25. Qxd6 Re8 26. Rae1 Nxe4 27.
Qd4 Qf4 28. f3 Qd2 29. Qxd2 Nxd2 30. Rxe8# 1-0

[Event "AUTO-ADV-1467"]
[Site "http://www.queenalice.com/game.php?id=649296"]
[Date "2009.9.8"]
[Round "1"]
[White "socioa22"]
[Black "Calamas"]
[Result "0-1"]
[WhiteElo "1808"]
[BlackElo "2232"]

1. e4 c6 2. d4 d5 3. Nc3 dxe4 4. Nxe4 Nd7 5. Bc4 Ngf6 6. Ng5 e6 7. N1f3 h6 8.
Nh3 Bd6 9. O-O g5 10. Ne5 Nxe5 11. dxe5 Bxe5 12. Qxd8+ Kxd8 13. f4 gxf4 14. Nxf4
b5 15. Bd3 Bd4+ 16. Kh1 Ng4 17. Nh3 Ke7 18. Rf4 e5 19. Re4 f5 20. Re1 Be6 21. c3
Bc5 22. Rf1 Rad8 23. Be2 Ne3 24. Bxe3 Bxe3 25. Rad1 Rxd1 26. Rxd1 Bxa2 27. Rd3
f4 28. Bg4 Bd5 29. b3 Rg8 30. Bf3 e4 31. Rxd5 exf3 32. gxf3 cxd5 33. c4 dxc4 34.
bxc4 bxc4 0-1

[Event "Let's Play Chess!"]
[Site "http://www.queenalice.com/game.php?id=693734"]
[Date "2009.12.6"]
[Round "-"]
[White "filippo83"]
[Black "socioa22"]
[Result "0-1"]
[WhiteElo "1100"]
[BlackElo "1836"]

1. e4 e5 2. Nf3 Nf6 3. Nxe5 d6 4. Nf3 Nxe4 5. Qe2 Qe7 6. d4 d5 7. Nbd2 Bg4 8.
Nxe4 dxe4 9. Qb5+ c6 10. Qg5 exf3+ 11. Qxe7+ Bxe7 12. gxf3 Bxf3 13. Rg1 Bf6 14.
Rg3 Bd5 15. Be3 Na6 16. Bxa6 bxa6 17. b3 Rc8 18. c4 Be6 19. d5 Bxa1 20. dxe6
fxe6 21. Bxa7 Rd8 22. Ke2 g6 23. Rg1 Bd4 24. c5 Rf8 25. Re1 Rxf2+ 26. Kd3 Bxc5+
27. Kc4 Bxa7 28. Rxe6+ Kf7 29. Rxc6 Rc2+ 0-1

[Event "AUTO-ADV-2083"]
[Site "http://www.queenalice.com/game.php?id=905445"]
[Date "2011.2.25"]
[Round "1"]
[White "Saintsalles"]
[Black "socioa22"]
[Result "0-1"]
[WhiteElo "1610"]
[BlackElo "1830"]

1. e4 e5 2. Nf3 Nf6 3. d3 Bc5 4. h3 Nc6 5. a3 O-O 6. b4 Bb6 7. Bb2 d6 8. Be2 a5
9. b5 Nd4 10. Nxd4 exd4 11. a4 Re8 12. O-O Qe7 13. f4 d5 14. e5 Bf5 15. exf6
Qxe2 16. Qc1 c5 17. Nd2 c4 18. Nf3 cxd3 19. cxd3 Qxd3 20. Ne5 Qg3 21. Rf3 d3+
22. Kh1 Qh4 23. Kh2 Be4 24. Rg3 Qxf6 25. Nxd3 Bd4 26. Bxd4 Qxd4 27. Ne5 Qf2 28.
Rg4 Rac8 29. Qa3 Rc2 30. Rg1 Bf5 31. Rg3 Qxf4 32. Nf3 Be4 33. Ng5 Rxg2+ 34. Rxg2
Bxg2 35. Qf3 Bxf3 0-1

[Event "AUTO-ADV-2083"]
[Site "http://www.queenalice.com/game.php?id=905446"]
[Date "2011.2.25"]
[Round "1"]
[White "socioa22"]
[Black "Saintsalles"]
[Result "1-0"]
[WhiteElo "1837"]
[BlackElo "1598"]

1. e4 e5 2. Nf3 d6 3. Bc4 Bg4 4. O-O h6 5. d3 a6 6. Nc3 b5 7. Bb3 Nf6 8. a4 c6
9. axb5 a5 10. Ba4 Bd7 11. Be3 cxb5 12. Nxb5 Ng4 13. Qd2 Nc6 14. c3 Nxe3 15.
Qxe3 Be7 16. Rab1 O-O 17. d4 exd4 18. Nbxd4 Nxd4 19. Qxd4 Bg4 20. Nd2 Bf6 21.
Qe3 Rc8 22. f3 Be6 23. b4 Rxc3 24. Qa7 axb4 25. Rxb4 Rc7 26. Rb7 Rc8 27. Kh1 Ra8
28. Qe3 Rxa4 29. Rfb1 Bd4 30. Qd3 Ba7 31. Qb5 Ra2 32. Nb3 Qc8 33. Rc1 Qd8 34.
Qb4 Ra4 35. Qxa4 Bxb3 36. Qxa7 Be6 37. Rcc7 Qf6 38. Rb8 Rxb8 39. Qxb8+ Kh7 40.
Qb6 Qe5 41. h3 Qa1+ 42. Qg1 Qe5 43. Qh2 Qa1+ 44. Qg1 Qa5 45. Ra7 Qh5 46. Qb6 d5
47. exd5 Qxd5 48. Qb1+ Bf5 49. Qa2 Qd1+ 50. Kh2 Be6 51. Qa4 Bb3 52. Qe4+ g6 53.
Qe5 Qd8 54. Rb7 Be6 55. Rb8 Bc8 56. Qf4 Kg7 57. Ra8 g5 58. Qb8 h5 59. Qe5+ Qf6
60. Qxf6+ Kxf6 61. Rxc8 Ke7 62. Rh8 h4 63. g3 hxg3+ 64. Kxg3 Kf6 65. Kg4 Kg7 66.
Rh5 f6 67. Kf5 Kf7 68. Rh6 Kg7 69. Rxf6 g4 70. fxg4 Kh7 71. Ra6 Kg7 72. g5 1-0

[Event "AUTO-ADV-2083"]
[Site "http://www.queenalice.com/game.php?id=905461"]
[Date "2011.2.25"]
[Round "1"]
[White "technicaldraw"]
[Black "socioa22"]
[Result "1-0"]
[WhiteElo "1970"]
[BlackElo "1837"]

1. e4 e5 2. Nf3 Nc6 3. Bb5 Bc5 4. c3 d6 5. O-O Nf6 6. d4 a6 7. Bxc6+ bxc6 8.
dxc5 Nxe4 9. b4 a5 10. Re1 d5 11. Nxe5 Qf6 12. Nf3 O-O 13. bxa5 Rxa5 14. Qd4 Qg6
15. Ne5 Qf5 16. Be3 f6 17. Nxc6 Re8 18. Nxa5 Qg6 19. Nd2 Bh3 20. g3 Nxd2 21.
Bxd2 Rxe1+ 22. Rxe1 Qh5 23. Qf4 d4 24. cxd4 Qd5 25. Qe4 1-0

[Event "AUTO-ADV-2083"]
[Site "http://www.queenalice.com/game.php?id=905462"]
[Date "2011.2.25"]
[Round "1"]
[White "socioa22"]
[Black "technicaldraw"]
[Result "0-1"]
[WhiteElo "1843"]
[BlackElo "1927"]

1. e4 c5 2. Nc3 Nc6 3. Bc4 e6 4. d3 g6 5. Nf3 Bg7 6. O-O Nge7 7. Be3 d6 8. Qe2
a6 9. a4 O-O 10. Rfd1 Nd4 11. Bxd4 cxd4 12. Nb1 e5 13. Nbd2 Be6 14. Ra3 Nc6 15.
Ng5 Qxg5 16. Nf3 Qe7 17. b3 Na5 18. Nd2 Nxc4 19. Nxc4 Bxc4 20. bxc4 d5 21. cxd5
Qxa3 22. Qg4 Qxa4 23. Rc1 Rac8 24. Qe2 Rc3 25. h3 Rfc8 26. Rb1 Rxc2 27. Qg4 Rc1+
28. Rxc1 Rxc1+ 29. Kh2 Qd1 30. Qg5 f6 31. Qg4 Qxg4 32. hxg4 Bf8 33. Kh3 a5 34.
g3 a4 35. g5 a3 36. gxf6 a2 37. Kg4 a1=Q 38. f4 Rf1 39. f7+ Kxf7 40. f5 Qd1+ 41.
Kg5 Qh5# 0-1

[Event "AUTO-ADV-2083"]
[Site "http://www.queenalice.com/game.php?id=905473"]
[Date "2011.2.25"]
[Round "1"]
[White "socioa22"]
[Black "jeancarlo1910"]
[Result "1/2-1/2"]
[WhiteElo "1838"]
[BlackElo "1819"]

1. d4 e6 2. Nf3 d5 3. e3 a6 4. c4 c6 5. Nc3 Bb4 6. Be2 Nf6 7. O-O Bxc3 8. bxc3
Bd7 9. Qb3 b5 10. cxb5 cxb5 11. Ne5 O-O 12. Ba3 Re8 13. Bd3 Nc6 14. Nxc6 Bxc6
15. Bc5 Nd7 16. Bd6 Nf6 17. Be5 Nd7 18. Bd6 Nf6 19. Be5 Nd7 20. Bd6 1/2-1/2

[Event "AUTO-ADV-2083"]
[Site "http://www.queenalice.com/game.php?id=905474"]
[Date "2011.2.25"]
[Round "1"]
[White "jeancarlo1910"]
[Black "socioa22"]
[Result "0-1"]
[WhiteElo "1842"]
[BlackElo "1826"]

1. d4 d5 2. Bg5 Bf5 3. Nc3 Nf6 4. e3 h6 5. Bxf6 exf6 6. h3 c6 7. Nf3 Bb4 8. a3
Bxc3+ 9. bxc3 Qa5 10. Qd2 Nd7 11. Be2 O-O 12. O-O Nb6 13. Bd3 Bxd3 14. Qxd3 Na4
15. Nd2 Qxc3 16. Qxc3 Nxc3 17. a4 Rfe8 18. Rfe1 Ne4 19. Nxe4 Rxe4 20. Kh2 a5 21.
Kg3 Ra6 22. Rab1 b6 23. c3 f5 24. Kf3 g5 25. Kg3 h5 26. Kh2 h4 27. f3 Re7 28. f4
f6 29. g4 gxf4 30. exf4 Rxe1 31. Rxe1 Kf7 32. gxf5 b5 33. axb5 cxb5 34. Kg2 Rc6
35. Rc1 b4 36. Kf3 b3 37. Kg4 a4 38. Kxh4 b2 39. Rb1 a3 40. Kg4 Rxc3 41. h4 Rc1
0-1